|
|
|
|
| LEADER |
00000nam0a2200000 4500 |
| 001 |
258943 |
| 005 |
20231101233336.0 |
| 035 |
|
|
|a (RuTPU)RU\TPU\book\281834
|
| 090 |
|
|
|a 258943
|
| 100 |
|
|
|a 20140429d1988 m y0rusy50 ca
|
| 101 |
0 |
|
|a rus
|
| 102 |
|
|
|a RU
|
| 105 |
|
|
|a a j 000zy
|
| 200 |
1 |
|
|a Сборник задач по допускам и техническим измерениям
|e учебное пособие
|f Б. С. Зинин, Б. Н. Ройтенберг
|
| 210 |
|
|
|a Москва
|c Высшая школа
|d 1988
|
| 215 |
|
|
|a 160 с.
|c ил.
|
| 606 |
2 |
|
|a Допуски и посадки
|x Расчет
|2 stltpush
|3 (RuTPU)RU\TPU\subj\10010
|9 37151
|
| 610 |
1 |
|
|a технические измерения
|
| 610 |
1 |
|
|a задачи
|
| 610 |
1 |
|
|a учебные пособия
|
| 610 |
1 |
|
|a машиностроение
|
| 610 |
1 |
|
|a погрешности
|
| 610 |
1 |
|
|a резьбовые соединения
|
| 610 |
1 |
|
|a шпоночные соединения
|
| 675 |
|
|
|a 621.753.1/.2(075.32)
|v 3
|
| 700 |
|
1 |
|a Зинин
|b Б. С.
|g Борис Степанович
|
| 701 |
|
1 |
|a Ройтенберг
|b Б. Н.
|g Борис Нахманович
|
| 801 |
|
1 |
|a RU
|b 63413507
|c 20140429
|
| 801 |
|
2 |
|a RU
|b 63413507
|c 20160325
|g RCR
|
| 942 |
|
|
|c BK
|